Raila Odinga : The flame of freedom / (Record no. 1320)
| 000 -LEADER | |
|---|---|
| fixed length control field | 02247nam a22002297a 4500 |
| 003 - CONTROL NUMBER IDENTIFIER | |
| control field | OSt |
| 005 - DATE AND TIME OF LATEST TRANSACTION | |
| control field | 20140928111843.0 |
| 008 - FIXED-LENGTH DATA ELEMENTS--GENERAL INFORMATION | |
| fixed length control field | 140507b xxu||||| |||| 00| 0 eng d |
| 020 ## - INTERNATIONAL STANDARD BOOK NUMBER | |
| International Standard Book Number | 7174000236196 |
| 050 ## - LIBRARY OF CONGRESS CALL NUMBER | |
| Classification number | DT433.58.O35 2013 |
| 100 ## - MAIN ENTRY--PERSONAL NAME | |
| Personal name | Odinga, Raila. |
| 245 ## - TITLE STATEMENT | |
| Title | Raila Odinga : The flame of freedom / |
| Statement of responsibility, etc | Raila Odinga. |
| 260 ## - PUBLICATION, DISTRIBUTION, ETC. (IMPRINT) | |
| Place of publication, distribution, etc | Nairobi : |
| Name of publisher, distributor, etc | Mountain Top Publishers Ltd. , |
| Date of publication, distribution, etc | 2013 . |
| 300 ## - PHYSICAL DESCRIPTION | |
| Extent | xiii, 992 p. |
| 500 ## - GENERAL NOTE | |
| General note | Includes index. |
| 504 ## - BIBLIOGRAPHY, ETC. NOTE | |
| Bibliography, etc | Includes bibliography and index. |
| 505 ## - FORMATTED CONTENTS NOTE | |
| Formatted contents note | Forward—<br/>Prologue-- <br/>Chapter 1:Early years 1945-1962-- <br/>Chapter 2:Gilbratar to Germany 1962-1965-- <br/>Chapter 3:Magdeburg 1965-1969--<br/>Chapter 4:Luo geneology-- <br/>Chapter 5:Independence and the KPU 1960-1969-- <br/>Chapter 6:Nyanza general hospital and after 1969-1970-- <br/>Chapter 7:University & Spectre 1970-- Chapter 8:Jaramogi's release & after 1971-1975-- <br/>Chapter 9:Beryl and a painful awakening-- <br/>Chapter 10:Events 1975-1982-- <br/>Chapter 11:Repression intensifies 1981-1982-- <br/>Chapter 12:Coup attempt and after 1982-- <br/>Chapter 13:Detention part 1- 1982-1984-- <br/>Chapter 14: Detention part 2-1985-1988-- <br/>Chapter 15: Mwakenya & events 1986-1989-- <br/>Chapter 16:Queue voting(Mlolongo) 1988-- <br/>Chapter 17:After the homecoming 1988-1989-- <br/>Chapter 18:Events 1990-- <br/>Chapter 19:Events January -June 1991-- <br/>Chapter 20:Events July -October 1991--<br/> Chapter 21:Events October-December 1991-- <br/>Chapter 22: The Ouko Commission of Inquiry 1991-1992-- <br/>Chapter 23:Kisumu molasses factory-- <br/>Chapter 24: General elections 1992-- <br/>Chapter 25: Panafricanism 1993-1996-- <br/>Chapter 26:Ford Kenya & NDP 1993-1997-- <br/>Chapter 27: Jaramogi's death 1994-- <br/>Chapter 28: Politics 1998-2004-- <br/>Chapter 29: Constitutional reform 1960-2007-- <br/>Chapter 30:Events 2006-- <br/>Chapter 31: Events 2007-- <br/>Chapter 32: General election 2007-- <br/>Chapter 33: Mediation 2008-- <br/>Chapter 34 Enter Kofi Annan 2008-- <br/>Chapter 35: Grand Coalition Government-- Chapter 36: Office of the Prime Minister-- <br/>Chapter 37:The African dream-- <br/>Appendix-- Bibliography-- Acronyms-- Index.<br/> |
| 650 ## - SUBJECT ADDED ENTRY--TOPICAL TERM | |
| Topical term or geographic name as entry element | Political history |
| Geographic subdivision | Kenya |
| 650 ## - SUBJECT ADDED ENTRY--TOPICAL TERM | |
| Topical term or geographic name as entry element | Bibliography -- memoir |
| 650 ## - SUBJECT ADDED ENTRY--TOPICAL TERM | |
| Topical term or geographic name as entry element | Biography |
| Form subdivision | Politics and government |
| Geographic subdivision | Kenya |
| 942 ## - ADDED ENTRY ELEMENTS (KOHA) | |
| Source of classification or shelving scheme | |
| Koha item type | Book |
| Withdrawn status | Lost status | Source of classification or shelving scheme | Damaged status | Not for loan | Home library | Current library | Date acquired | Total Checkouts | Total Renewals | Full call number | Barcode | Date last seen | Date checked out | Price effective from | Koha item type |
|---|---|---|---|---|---|---|---|---|---|---|---|---|---|---|---|
| Riara University Library | Riara University Library | 07/05/2014 | 26 | 3 | DT433.58.O35 2013 | 4732/14 | 20/11/2025 | 03/05/2024 | 07/05/2014 | Book |
